000 00765nam a22002537a 4500
001 200429203
999 _c200429203
_d47127
003 TR-AnTOB
005 20240917101440.0
008 180323b xxu||||| |||| 00| 0 tur d
040 _aTR-AnTOB
_beng
_cTR-AnTOB
_erda
041 0 0 _atur
050 0 _aDR726
_b.O84 2017
090 _aDR726
_b.O84 2017
245 _aÖteki İstanbul /
_cKadir Has Üniversitesi.
264 _aİstanbul;
_bKadir Has Üniversitesi,
_c2017
300 _a91 page;
_c17 cm
336 _2rdacontent
_atext
337 _2 rdamedia
_aunmediated
338 _2rdacarrier
_avolume
651 0 _aİstanbul (Turkey)
_xSocial life and customs
_939998
651 0 _aİstanbul (Türkiye)
_xSosyal yaşam ve gelenekler
_987685
942 _2lcc
_cBK